KOHA-Header-6

Fundamentals of Financial Management (Record no. 9927)

000 -LEADER
fixed length control field 00256nam a2200109Ia 4500
020 ## - INTERNATIONAL STANDARD BOOK NUMBER
ISBN 978-0138596873
100 ## - MAIN ENTRY--AUTHOR NAME
Personal name James C, Van Horne
245 #0 - TITLE STATEMENT
Title Fundamentals of Financial Management
260 ## - PUBLICATION, DISTRIBUTION, ETC. (IMPRINT)
Place of publication India
Name of publisher PHI Learning
Year of publication 2004
300 ## - PHYSICAL DESCRIPTION
Number of Pages 455
942 ## - ADDED ENTRY ELEMENTS (KOHA)
Koha item type Books
Holdings
Withdrawn status Lost status Collection code Permanent Location Current Location Shelving location Date acquired Full call number Accession Number Koha item type
    Finance MAJU MAJU Shelf No.B44 2019-09-14 658.7 5967 Finance

Powered by Koha